| 000 | 00889nam a2200241 a 4500 | ||
|---|---|---|---|
| 001 | BRCA_6437 | ||
| 005 | 20190321142924.0 | ||
| 008 | 220911m19541956sz-a######---#000-0#ger-# | ||
| 041 | _ager | ||
| 044 | _asz | ||
| 050 | 4 | _b.G35 1954 | |
| 245 | 1 | 0 |
_aGalerie Jürg Stuker Bern (Schweiz) _bGrosse Auktionen. |
| 260 |
_aSuiza _bGalerie Jürg Stuker Bern _c1954-1956 |
||
| 300 |
_a3 v. _bil. _c31 cm. |
||
| 500 | _aCatálogo de subasta inventariado por Banco de México como libro | ||
| 500 | _aCDE42 | ||
| 505 | 0 | _aContenido: v.1. Sammlung A. Rütschi. -- v.2. Genfer Privatsammlung, Kollektion Emile Paravicini und Weiterer Altbesitz. -- v.3. Asiatica - Sammlung, Bedeutende Privat - Kollektionen Fürstliche Gemäldesammlung | |
| 650 | 1 | 4 |
_aArte europeo _vCatálogos _92136 |
| 650 | 1 | 4 |
_aArte oriental _vCatálogos _916082 |
| 650 | 1 | 4 |
_aSubastas _97837 |
| 902 | _aGFM | ||
| 942 |
_2lcc _cB |
||
| 999 |
_c6121 _d6121 |
||